Cities with the Tallest Hotels - Statistics

General Stats
  • This quiz has been taken 116 times
  • The average score is 7 of 10
Answer Stats
Number of >150 m Hotels City % Correct
13 New York
98%
15 Dubai
95%
6 Shanghai
91%
4 Hong Kong
80%
4 Seoul
75%
9 Kuala Lumpur
62%
7 Bangkok
60%
5 Jakarta
51%
4 Las Vegas
34%
4 Busan
23%
No matching quizzes found
Score Distribution
Percent of People with Each Score
Percentile by Number Answered
Your Score History
You have not taken this quiz